Levantamiento y controles topográfico para el mapeo y explotación minera mediante túneles, socavones y a cielo abierto, con equipos GPS y estaciones totales / (Registro nro. 4213)
[ vista simple ]
| 000 -LEADER | |
|---|---|
| fixed length control field | 01176nam a22002657a 4500 |
| 003 - CONTROL NUMBER IDENTIFIER | |
| control field | PE SENCICO BE |
| 005 - DATE AND TIME OF LATEST TRANSACTION | |
| control field | 20251020182638.0 |
| 008 - FIXED-LENGTH DATA ELEMENTS--GENERAL INFORMATION | |
| fixed length control field | 230622b |||||||| |||| 00| 0 eng d |
| 040 ## - CATALOGING SOURCE | |
| Original cataloging agency | PE SENCICO BE |
| Transcribing agency | PE SENCICO BE |
| 041 ## - LANGUAGE CODE | |
| Language code of text/sound track or separate title | spa |
| 084 ## - OTHER CLASSIFICATION NUMBER | |
| Classification number | I |
| -- | TOP |
| -- | 2018 |
| Item number | C34 |
| 100 1# - MAIN ENTRY--PERSONAL NAME | |
| 9 (RLIN) | 1181 |
| Personal name | Caycho Ruiz, Yeferson Manuel |
| Relator term | autor |
| 245 1# - TITLE STATEMENT | |
| Title | Levantamiento y controles topográfico para el mapeo y explotación minera mediante túneles, socavones y a cielo abierto, con equipos GPS y estaciones totales / |
| Statement of responsibility, etc. | Yeferson Manuel Caycho Ruiz |
| 260 ## - PUBLICATION, DISTRIBUTION, ETC. | |
| Place of publication, distribution, etc. | Lima : |
| Date of publication, distribution, etc. | 2018 |
| 300 ## - PHYSICAL DESCRIPTION | |
| Extent | 112 h. : |
| Other physical details | il. col., diagrs. ; |
| Dimensions | 19 cm. |
| 502 ## - DISSERTATION NOTE | |
| Dissertation note | Monografía de Titulación.-- Servicio Nacional de Capacitación para la Industria de la Construcción. Escuela Superior Técnica. Carrera Profesional Técnica en Topografía y Geodesía, 2018. |
| 650 14 - SUBJECT ADDED ENTRY--TOPICAL TERM | |
| 9 (RLIN) | 4 |
| Topical term or geographic name entry element | Topografía |
| 650 24 - SUBJECT ADDED ENTRY--TOPICAL TERM | |
| 9 (RLIN) | 116 |
| Topical term or geographic name entry element | Levantamiento topográfico |
| 650 24 - SUBJECT ADDED ENTRY--TOPICAL TERM | |
| 9 (RLIN) | 2 |
| Topical term or geographic name entry element | Geodesia |
| 650 24 - SUBJECT ADDED ENTRY--TOPICAL TERM | |
| 9 (RLIN) | 911 |
| Topical term or geographic name entry element | GPS |
| 650 24 - SUBJECT ADDED ENTRY--TOPICAL TERM | |
| 9 (RLIN) | 1173 |
| Topical term or geographic name entry element | Construcción de túneles |
| 710 1# - ADDED ENTRY--CORPORATE NAME | |
| Corporate name or jurisdiction name as entry element | Servicio Nacional de Capacitación para la Industria de la Construcción. |
| Subordinate unit | Escuela Superior Técnica |
| 9 (RLIN) | 1065 |
| 910 ## - USER-OPTION DATA (OCLC) | |
| -- | hfp |
| -- | hfp |
| 942 ## - ADDED ENTRY ELEMENTS (KOHA) | |
| Koha item type | Monografía de Titulación |
| Source of classification or shelving scheme | Dewey Decimal Classification |
| Fecha de la última vez que lo usaron | Número de ingreso o de inventario | Pago total | Signatura topográfica completa | Precio efectivo desde | Tipo de documento | Estado perdido | Estado dañado | No es para préstamo | Retirado | Ubicación permanente | Ubicación actual | Fecha de adquisición |
|---|---|---|---|---|---|---|---|---|---|---|---|---|
| 22/06/2023 | I-00051 | I/TOP/2018/C34 | 22/06/2023 | Monografía de Titulación | Biblioteca Central Lima | Biblioteca Central Lima | 22/06/2023 |